书目信息 |
| 题名: |
英语常用词用法词典
|
|
| 作者: | ;齐声乔 修订 ;北京大学西语系英语专业 编 | |
| 分册: | ||
| 出版信息: | 北京 商务印书馆 1983 |
|
| 页数: | 549页 | |
| 开本: | 19cm | |
| 丛书名: | ||
| 单 册: | ||
| 中图分类: | H313-61 | |
| 科图分类: | ||
| 主题词: | 英语--词汇 , 英语--语义 | |
| 电子资源: | ||
| ISBN: | ||
| 000 | 00817nam0 2200265 45 | |
| 001 | 0183010821 | |
| 005 | 20070726082749.68 | |
| 010 | @b精装@dCNY2.40 | |
| 091 | @a9017.1193 | |
| 100 | @a19950607d1983 em y0chiy0121 ea | |
| 101 | 0 | @achi@aeng |
| 102 | @aCN@b110000 | |
| 105 | @ay e 000yy | |
| 200 | 10 | @a英语常用词用法词典@Aying yu chang yong ci yong fa ci dian@f北京大学西语系英语专业编@FBei Jing Da Xue Xi Yu Xi Ying Yu Zhuan Ye Bian@g齐声乔修订 |
| 205 | @a修订本 | |
| 210 | @a北京@c商务印书馆@d1983 | |
| 215 | @a549页@d19cm | |
| 606 | 0 | @a英语@x词汇 |
| 606 | 0 | @a英语@x语义 |
| 690 | @aH313-61@v3 | |
| 702 | 0 | @a齐声乔@Aqi sheng qiao@4修订 |
| 711 | 02 | @a北京大学西语系英语专业@4编 |
| 801 | 2 | @aCN@bNLC@c20070726 |
| 801 | 0 | @aCN@b上海图书馆@c20050419 |
| 905 | @f1@b156807@f2@b100498-499@dH313-61@e30 | |
| 英语常用词用法词典/北京大学西语系英语专业编/齐声乔修订.-修订本.-北京:商务印书馆,1983 |
| 549页;19cm |
| ISBN (精装):CNY2.40 |
| ● |
| 相关链接 |
|
|
|
|
正题名:英语常用词用法词典
索取号:H313-61/30
 
预约/预借
| 序号 | 登录号 | 条形码 | 馆藏地/架位号 | 状态 | 备注 |
| 1 | 0100498 | 001385094 | 密集书库/ [索取号:H313-61/30] | 在馆 | |
| 2 | 0100499 | 001385067 | 密集书库/ [索取号:H313-61/30] | 在馆 | |
| 3 | 0100500 | 202443007 | 第二样本阅览室/ [索取号:H313-61/30] | 在馆 | |
| 4 | 0102806 | 001627715 | 密集书库/ [索取号:H313-61/30] | 在馆 | |
| 5 | 0102807 | 001966974 | 密集书库/ [索取号:H313-61/30] | 在馆 | |
| 6 | 0156805 | 001385138 | 密集书库/ [索取号:H313-61/30] | 在馆 | |
| 7 | 0156806 | 001385174 | 密集书库/ [索取号:H313-61/30] | 在馆 | |
| 8 | 0156807 | 001385058 | 密集书库/ [索取号:H313-61/30] | 在馆 | |
| 9 | 0785145 | 207851458 | 第四借阅区/ [索取号:H313-61/30] | 在馆 |